=LDR 00000nam 2200000 4500 =001 INLIS000000000024294 =005 20130612122905 =008 ***********************************Ind** =035 ##$$0010-061300000024294 =041 ##$$a Ind =082 ##$$a 382.010 =090 ##$$a 382.010, Sal t =100 ##$$a Salvatore, dominick =245 ##$$a Ekonomi internasional, Edisi ketiga, Dominick Salvatore =260 ##$$a 1994 $b Jakarta =300 ##$$a 276 hlm, 23 cm =650 ##$$a Ekonomi Internasional =850 ##$$a NBPNMAT